<?xml version="1.0" encoding="UTF-8"?>
<record
    xmlns:xsi="http://www.w3.org/2001/XMLSchema-instance"
    xsi:schemaLocation="http://www.loc.gov/MARC21/slim http://www.loc.gov/standards/marcxml/schema/MARC21slim.xsd"
    xmlns="http://www.loc.gov/MARC21/slim">

  <leader>04307nam a2200553Ii 4500</leader>
  <controlfield tag="001">DIGIBE0495</controlfield>
  <controlfield tag="003">NyNyDIG</controlfield>
  <controlfield tag="008">191014s2017    sp b    ob    000 0 spa d</controlfield>
  <controlfield tag="006">m     o  d        </controlfield>
  <controlfield tag="007">cr |||||||||||</controlfield>
  <datafield tag="035" ind1=" " ind2=" ">
    <subfield code="a">(OCoLC)1055160826</subfield>
  </datafield>
  <datafield tag="040" ind1=" " ind2=" ">
    <subfield code="a">DGITA</subfield>
    <subfield code="b">eng</subfield>
    <subfield code="e">rda</subfield>
    <subfield code="e">pn</subfield>
    <subfield code="c">DGITA</subfield>
  </datafield>
  <datafield tag="020" ind1=" " ind2=" ">
    <subfield code="a">9783954876778</subfield>
    <subfield code="q">(eBook)</subfield>
  </datafield>
  <datafield tag="020" ind1=" " ind2=" ">
    <subfield code="a">3954876779</subfield>
    <subfield code="q">(eBook)</subfield>
  </datafield>
  <datafield tag="020" ind1=" " ind2=" ">
    <subfield code="z">9788416922536</subfield>
    <subfield code="q">(Iberoamerica)</subfield>
  </datafield>
  <datafield tag="020" ind1=" " ind2=" ">
    <subfield code="z">8416922535</subfield>
    <subfield code="q">(Iberoamerica)</subfield>
  </datafield>
  <datafield tag="020" ind1=" " ind2=" ">
    <subfield code="z">9783954876761</subfield>
    <subfield code="q">(Vervuert)</subfield>
  </datafield>
  <datafield tag="020" ind1=" " ind2=" ">
    <subfield code="z">3954876760</subfield>
    <subfield code="q">(Vervuert)</subfield>
  </datafield>
  <datafield tag="043" ind1=" " ind2=" ">
    <subfield code="a">n------</subfield>
    <subfield code="a">cl-----</subfield>
    <subfield code="a">e------</subfield>
  </datafield>
  <datafield tag="050" ind1="1" ind2="4">
    <subfield code="a">P305.19.F66 ebook</subfield>
  </datafield>
  <datafield tag="082" ind1="0" ind2="4">
    <subfield code="a">401.41094</subfield>
  </datafield>
  <datafield tag="245" ind1="0" ind2="0">
    <subfield code="a">De Am&#xE9;rica a Europa :</subfield>
    <subfield code="b">denominaciones de alimentos americanos en lenguas europeas /</subfield>
    <subfield code="c">Erla Erlendsd&#xF3;ttir, Emma Martinell, Ingmar S&#xF6;hrman (eds.).</subfield>
  </datafield>
  <datafield tag="264" ind1=" " ind2="1">
    <subfield code="a">Madrid :</subfield>
    <subfield code="b">Iberoamericana ;</subfield>
    <subfield code="a">Frankfurt am Main :</subfield>
    <subfield code="b">Vervuert Verlag,</subfield>
    <subfield code="c">2017.</subfield>
  </datafield>
  <datafield tag="300" ind1=" " ind2=" ">
    <subfield code="a">1 online resource :</subfield>
    <subfield code="b">map.</subfield>
  </datafield>
  <datafield tag="336" ind1=" " ind2=" ">
    <subfield code="a">text</subfield>
    <subfield code="b">txt</subfield>
    <subfield code="2">rdacontent</subfield>
  </datafield>
  <datafield tag="337" ind1=" " ind2=" ">
    <subfield code="a">computer</subfield>
    <subfield code="b">c</subfield>
    <subfield code="2">rdamedia</subfield>
  </datafield>
  <datafield tag="338" ind1=" " ind2=" ">
    <subfield code="a">online resource</subfield>
    <subfield code="b">cr</subfield>
    <subfield code="2">rdacarrier</subfield>
  </datafield>
  <datafield tag="347" ind1=" " ind2=" ">
    <subfield code="a">text file</subfield>
    <subfield code="2">rdaft</subfield>
  </datafield>
  <datafield tag="347" ind1=" " ind2=" ">
    <subfield code="b">PDF</subfield>
  </datafield>
  <datafield tag="504" ind1=" " ind2=" ">
    <subfield code="a">Includes bibliographical references. [VER LIBRO PARA 505]</subfield>
  </datafield>
  <datafield tag="505" ind1="0" ind2=" ">
    <subfield code="a">De productos desconocidos a alimentos familiares / Emma Martinell Gifre -- Los procesos de denominaci&#xF3;n de la nueva realidad americana / Antonio Torres -- El camino de un texto, el camino de las palabras / Erla Erlendsd&#xF3;ttir -- Indoamericanismos relativos a comidas y bebidas en el espa&#xF1;ol europeo : tres muestras l&#xE9;xicas / Jos&#xE9; Mar&#xED;a Enguita Utrilla -- De la tierra al plato : las voces tom&#xE0;quet, blat de moro y patata en catal&#xE1;n / Rafael Cala Carvajal -- Lo que vino de Am&#xE9;rica : coca (coca), goiaba (guayaba) y ma&#xED;s (ma&#xED;z) : la recepci&#xF3;n de esas voces en la lengua portuguesa / Elena Losada Soler e Ignacio V&#xE1;zquez Di&#xE9;guez -- La aparici&#xF3;n en la lengua francesa de algunos t&#xE9;rminos relativos a la alimentaci&#xF3;n procedentes de lenguas amerindias / Marie-Christine Gomez-G&#xE9;raud -- Ma&#xED;z, cacao y chocolate en italiano / Luciano Formisano -- De tierras de Am&#xE9;rica a hablas de Cerde&#xF1;a : p&#xE1;pa, tomatl, mahiz / Myriam Mereu -- Denominaciones de alimentos americanos en rumano / Joan Fontana i Tous e Ingmar S&#xF6;hrman -- Voces de alimentos americanos en alem&#xE1;n / Waltraud Weidenbusch -- Denominaciones de alimentos americanos en holand&#xE9;s : chocolate, tomate, ma&#xED;z y algunas m&#xE1;s / Robert de Jonge -- El viaje de tres voces de lenguas ind&#xED;genas americanas al ingl&#xE9;s : guayaba, aguacate, papaya / Frances Luttikhuizen -- Ma&#xED;z, patata y tomate en los Pa&#xED;ses N&#xF3;rdicos : Dinamarca, Islandia, Noruega y Suecia / Erla Erlendsd&#xF3;ttir -- Cacao, tomate y patata en b&#xFA;lgaro / Boriana Kiuchukova-Petrinska -- Tres nahuatlismos en checo y en eslovaco: cokol&#xE1;da chocolate, kakao cacao y cili chile / Ivo Buzek y Zuzana &#x10E;ad&#x2B9;ov&#xE1;-- Chocolate, ma&#xED;z, papa y tomate en Polonia / Marzena Chrobak -- Denominaciones de alimentos americanos en la lengua rusa / Elena K&#xF3;reneva -- La llegada de la patata, el tomate y el chocolate a Grecia / Alicia Villar Lecumberri -- Alimentos comunes desde Latinoam&#xE9;rica a Turqu&#xED;a / Nesrin Karavar -- Chocolate, cacao y aguacate en h&#xFA;ngaro / N&#xF3;ra R&#xF3;szav&#xE1;ri -- La suerte de tres voces de Am&#xE9;rica en fin&#xE9;s : el caso de avokado, suklaa y mate(-tee) / Anton Granvik.</subfield>
  </datafield>
  <datafield tag="588" ind1="0" ind2=" ">
    <subfield code="a">Online resource; title from PDF title page (Digitalia, viewed October 15, 2019)</subfield>
  </datafield>
  <datafield tag="650" ind1=" " ind2="0">
    <subfield code="a">Food crops</subfield>
    <subfield code="z">America</subfield>
    <subfield code="x">Terminology.</subfield>
  </datafield>
  <datafield tag="650" ind1=" " ind2="0">
    <subfield code="a">Plants, Edible</subfield>
    <subfield code="z">America</subfield>
    <subfield code="x">Nomenclature (Popular)</subfield>
  </datafield>
  <datafield tag="650" ind1=" " ind2="0">
    <subfield code="a">Plant names, Popular</subfield>
    <subfield code="z">Europe.</subfield>
  </datafield>
  <datafield tag="651" ind1=" " ind2="0">
    <subfield code="a">Europe</subfield>
    <subfield code="x">Languages</subfield>
    <subfield code="x">Foreign words and phrases.</subfield>
  </datafield>
  <datafield tag="650" ind1=" " ind2="0">
    <subfield code="a">Indians</subfield>
    <subfield code="x">Food</subfield>
    <subfield code="x">Terminology.</subfield>
  </datafield>
  <datafield tag="650" ind1=" " ind2="0">
    <subfield code="a">Indians</subfield>
    <subfield code="x">Languages.</subfield>
  </datafield>
  <datafield tag="655" ind1=" " ind2="0">
    <subfield code="a">Electronic books.</subfield>
  </datafield>
  <datafield tag="700" ind1="1" ind2=" ">
    <subfield code="a">Erlendsd&#xF3;ttir, Erla,</subfield>
    <subfield code="e">editor.</subfield>
  </datafield>
  <datafield tag="700" ind1="1" ind2=" ">
    <subfield code="a">Martinell Gifre, Emma,</subfield>
    <subfield code="e">editor.</subfield>
  </datafield>
  <datafield tag="700" ind1="1" ind2=" ">
    <subfield code="a">S&#xF6;hrman, Ingmar,</subfield>
    <subfield code="e">editor.</subfield>
  </datafield>
  <datafield tag="791" ind1="2" ind2=" ">
    <subfield code="a">Digitalia (Firm),</subfield>
    <subfield code="e">distributor.</subfield>
  </datafield>
  <datafield tag="793" ind1="0" ind2=" ">
    <subfield code="g">Digitalia eBook Collection:</subfield>
    <subfield code="a">Iberoamericana/Vervuert</subfield>
  </datafield>
  <datafield tag="776" ind1="0" ind2="8">
    <subfield code="i">Print version:</subfield>
    <subfield code="t">De Am&#xE9;rica a Europa.</subfield>
    <subfield code="d">Madrid : Iberoamericana ; Frankfurt am Main : Vervuert, 2017</subfield>
    <subfield code="z">9788416922536</subfield>
    <subfield code="w">(DLC)  2018385506</subfield>
    <subfield code="w">(OCoLC)1018284310</subfield>
  </datafield>
  <datafield tag="856" ind1="4" ind2="0">
    <subfield code="3">Digitalia Hisp&#xE1;nica</subfield>
    <subfield code="u">https://www.digitaliapublishing.com/a/56910/</subfield>
  </datafield>
  <datafield tag="910" ind1=" " ind2=" ">
    <subfield code="a">Premium collection: 2019</subfield>
  </datafield>
  <datafield tag="942" ind1=" " ind2=" ">
    <subfield code="c">RAA</subfield>
  </datafield>
  <datafield tag="952" ind1=" " ind2=" ">
    <subfield code="0">0</subfield>
    <subfield code="1">0</subfield>
    <subfield code="4">0</subfield>
    <subfield code="7">0</subfield>
    <subfield code="8">DEH</subfield>
    <subfield code="a">BD-UIN</subfield>
    <subfield code="b">BD-UIN</subfield>
    <subfield code="d">2025-04-25</subfield>
    <subfield code="l">0</subfield>
    <subfield code="r">2025-04-25</subfield>
    <subfield code="w">2025-04-25</subfield>
    <subfield code="y">RAA</subfield>
  </datafield>
  <datafield tag="999" ind1=" " ind2=" ">
    <subfield code="c">255241</subfield>
    <subfield code="d">255241</subfield>
  </datafield>
</record>
